000 00568nam a2200217Ia 4500
003 OSt
005 20220918191908.0
006 a|||||r|||| 00| 0
007 ta
008 220917b |||||||| |||| 00| 0 eng d
024 _a65,737
037 _cTextual
040 _aARTS
_cARTS
_beng
041 _2eng
_aeng
082 _aR211, N2
100 _aNelson R J
_977573
245 0 _aNaming and reference
_b the link of word to object
260 _aLondon
_bRoutledge
_c1992
942 _hR211, N2
_cTEXL
_2CC
999 _c191974
_d191974